Dragon drive. #11, Trust / story & art by Ken-ichi ... Read More
Available copies
- 1 of 1 copy available at LARL/NWRL Consortium.
- 1 of 1 copy available at Lake Agassiz Regional Library. (Show preferred library)
Current holds
0 current holds with 1 total copy.
Show Only Available Copies
| Location | Call Number / Copy Notes | Barcode | Shelving Location | Status | Due Date |
|---|---|---|---|---|---|
| Crookston Public Library | Y G SAK (Text) | 33500009959537 | Main | Available | - |
Record details
- ISBN: 9781421516158 (pbk.)
- ISBN: 1421516152 (pbk.)
- Physical Description: 182 p. : chiefly ill. ; 19 cm.
- Edition: Shonen Jump manga ed.
- Publisher: San Francisco, CA : Viz Media, 2008.
Content descriptions
| General Note: | Translated from the Japanese. Originally published : Japan : Shueisha, 2001. Reads from right to left. Rated A for all ages. |
Search for related items by subject
| Subject: | Teenagers > Comic books, strips, etc. Dragons > Comic books, strips, etc. |
| Genre: | Graphic novels. Fantasy fiction. |
Search for related items by series
| LDR | 01595cam a2200397Ka 4500 | ||
|---|---|---|---|
| 001 | 98771 | ||
| 003 | LARL_NWRL_CONSORTIUM | ||
| 005 | 20081209134442.0 | ||
| 008 | 080222s2008 caua 000 c eng d | ||
| 020 | . | ‡a9781421516158 (pbk.) | |
| 020 | . | ‡a1421516152 (pbk.) | |
| 035 | . | ‡a(OCoLC)209711948 | |
| 100 | 1 | . | ‡aSakura, Ken-ichi. ‡0(LARL_NWRL_CONSORTIUM)213401 |
| 245 | 1 | 0. | ‡aDragon drive. ‡n#11, ‡pTrust / ‡cstory & art by Ken-ichi Sakura in collaboration with Bandai-Chan's-Org. ; [translation, Martin Hunt ; English adaptation, Ian Reid]. |
| 246 | 3 | 0. | ‡aTrust |
| 250 | . | ‡aShonen Jump manga ed. | |
| 260 | . | ‡aSan Francisco, CA : ‡bViz Media, ‡c2008. | |
| 300 | . | ‡a182 p. : ‡bchiefly ill. ; ‡c19 cm. | |
| 490 | 0 | . | ‡aDragon drive ; ‡v11 |
| 500 | . | ‡aTranslated from the Japanese. | |
| 500 | . | ‡aOriginally published : Japan : Shueisha, 2001. | |
| 500 | . | ‡aReads from right to left. | |
| 500 | . | ‡aRated A for all ages. | |
| 650 | 0. | ‡aTeenagers ‡vComic books, strips, etc. | |
| 650 | 0. | ‡aDragons ‡vComic books, strips, etc. | |
| 655 | 0. | ‡aGraphic novels. | |
| 655 | 0. | ‡aFantasy fiction. | |
| 700 | 1 | . | ‡aHunt, Martin. ‡0(LARL_NWRL_CONSORTIUM)102158 |
| 700 | 1 | . | ‡aReid, Ian. ‡0(LARL_NWRL_CONSORTIUM)219189 |
| 901 | . | ‡a98771 ‡bOCLC ‡c98771 ‡tbiblio | |

Add to basket
Permalink
Disable Highlighting